Fundamental's of nursing (Record no. 2615)

MARC details
000 -LEADER
fixed length control field 00370nam a22001577a 4500
008 - FIXED-LENGTH DATA ELEMENTS--GENERAL INFORMATION
fixed length control field 250324b |||||||| |||| 00| 0 eng d
020 ## - INTERNATIONAL STANDARD BOOK NUMBER
ISBN 9780323677721
100 ## - MAIN ENTRY--AUTHOR
Author Potter Patricia A.
245 ## - TITLE STATEMENT
Title Fundamental's of nursing
250 ## - EDITION STATEMENT
Edition statement 10th
260 ## - PUBLICATION, DISTRIBUTION, ETC. (IMPRINT)
Place of publication Missouri
Name of publisher Elsevier
Date of publication 2012
300 ## - COLLATION
Pagination xvi,1424p
650 ## - TRACINGS
Main Subject Nursing
942 ## - ADDED ENTRY ELEMENTS (KOHA)
Item type Books
050 ## - LIBRARY OF CONGRESS CALL NUMBER
Classification number RT41
Item number .P68
Holdings
Source of classification or shelving scheme Not for loan Permanent location Current location Date acquired Accession No. Full call number Barcode. Koha item type
Library of Congress Classification   Medical Library Medical Library 03/24/2025 2024/64013 RT41.P68 2025-0903 Books